Statistiques concernant Histoire commençant par la lettre D

Cliquez ici pour prendre le quiz!

Statistiques générales

  • Ce quiz a été pris 44 350 fois
    (43 289 depuis la dernière actualisation)
  • Le résultat moyen est 9 sur 20

Statistiques - réponses

IndiceRéponse% Correct
"De l'origine des espèces"Charles Darwin
88%
Son affaire a été "accusée" par Zola en 1898Dreyfus
82%
Autorité spirituelle tibétaine réincarnéeDalai lama
75%
Il pensait, donc il étaitRené Descartes
70%
6 juin 1944 en anglaisD-Day
69%
On lui doit La Persistance de la mémoire, plus connu sous le nom "Les Montres molles"Salvador Dalí
63%
Capitale actuelle au Moyen-Orient, une des plus anciennes villes du mondeDamas
58%
"Le Premier État" des États-Unis d'AmériqueDelaware
52%
Ingénieur français à l'origine du groupe constructeur aéronautique qui porte son nomMarcel Dassault
49%
Poète italien auteur de la Divine ComédieDante Alighieri
48%
Elle a été inventée par Alfred NobelDynamite
46%
Auteur d'Oliver TwistCharles Dickens
36%
Région occidentale du Soudan, théatre d'une guerre civile depuis 2003Darfour
36%
"Grand" roi de l'Empire Perse mentionné à plusieurs reprises dans la bibleDarius Ier
31%
Premier magistrat de républiques italiennes, particulièrement de Venise et GênesDoge
26%
Fondatrice légendaire et première reine de CarthageDidon
18%
Président français de la IIIème République, contraint de démissionner au bout de 7 moisPaul Deschanel
17%
Premier ministre juif du Royaume-Uni à l'origine de la création du parti conservateurBenjamin Disraeli
9%
Troisième lieu saint de l'Islam situé à JérusalemDôme du Rocher
9%
Explorateur anglais ayant effectué la deuxième "Circumnavigation" de la TerreFrancis Drake
8%

Distribution des résultats

Percentile par nombre de réponses

% des personnes avec chaque résultat

Votre développement - résultats

Vous n’avez pas pris ce quiz depuis la dernière actualisation